000 00391nam a2200145Ia 4500
005 20260328101529.0
008 260328s9999||||xx |||||||||||||| ||und||
100 _aSommer, Robert
245 0 _aEspacio y Comportamiento Individual /
_cRobert Sommer
250 _aOriginal
260 _bInstituto de Estudios de Administración Local
300 _a322 p.
650 _aURBANISMO
942 _cBK
999 _c9906
_d9906